000 00470nam a22001817a 4500
003 CEME
005 20210628204450.0
008 210127b xxu||||| |||| 00| 0 eng d
020 _a0-07-017423-7
040 _c.
082 _a620.28425 DOH
100 _aDoherty, M.F,Malone, M.F
_970436
245 _aConceptual design of distillation systems
260 _aNEW YORK
_bMCGRAW HILL
_c2001
300 _aXXIV,568P
650 _aDISTILLATION
_970437
942 _cBK
_2ddc
999 _c577416
_d577416